| 000 | 00565nam a2200181Ia 4500 | ||
|---|---|---|---|
| 003 | OSt | ||
| 005 | 20240401100710.0 | ||
| 008 | 210210b1938 xxu||||| |||| 00| 0 eng d | ||
| 040 | _cAL | ||
| 041 | _aKannada | ||
| 082 | _a853/127 | ||
| 100 |
_aGUNDAPPA (D V) _9131888 _dಗುಂಡಪ್ಪ (ಡಿ ವಿ ). |
||
| 245 |
_aShri vidyaranya vijaya mattu stuti _bಶ್ರೀ ವಿದ್ಯಾರಣ್ಯ ವಿಜಯ ಮತ್ತು ಸ್ತುತಿ |
||
| 260 |
_aBengaluru _b- _c1938 |
||
| 690 |
_aKannada Drama _9131889 |
||
| 906 | _a019398 | ||
| 942 |
_2ddc _cBK |
||
| 999 |
_c143517 _d143517 |
||